00597 a2200181 4500001000700000003000400007005001700011008004100028082001800069100002000087245007500107260003700182300001000219690004800229942001200277999001500289952011100304131122OSt20210908104557.0  a519.544bS39D1 aSilverman, B.W.1 aDensity estimation for statistics and data analysiscby B.W. Silverman aBocartonbChapman and Hallc1998 a175p. aEstimation theory; Nonparametric statistics 2ddccBK c5658d5658 00102ddc40708TXBaCURAJbCURAJd2012-06-08eSTTg76.99o519.544 S39Dp7200r2024-11-21w2020-09-02yBK